000 00670nam a2200265Ia 4500
001 46453
005 20240114003753.0
007 ta
008 090331s1953 g b000 u 465 u
020 _cHB
040 _aCotton College,Assam
041 _a465
082 _a149.2
_bT 247 N
100 _aTemple, William .
245 0 _aNature, Man And God /
_cWilliam Temple.
_hTextual Documents
250 _a1st ed. /
260 _aLondon :
_bMacmillan and co ,
_c1953.
300 _axxxii,530p. ;
_c22 cm..
653 _aT/G-Philosophy
653 _aG-Philosophy
942 _2ddc
_cBK
999 _c46418
_d46418